Fiscal Policy Challenges for Latin America during the Next Stages of the Pandemic : The Need for a Fiscal Pact.

The fiscal policy response to the COVID-19 shock in most LAC countries was much larger than during the GFC, suggesting fiscal space was not as tight as expected. We argue that it is feasible and desirable, though not without risks, to embark in a more gradual consolidation path than currently envisa...

Fuld beskrivelse

Bibliografiske detaljer
Format: Tidsskrift
Sprog:English
Udgivet: Washington, D.C. : International Monetary Fund, 2021.
Serier:IMF Working Papers; Working Paper ; No. 2021/077
Fag:
Online adgang:Full text available on IMF
LEADER 03216cas a2200289 a 4500
001 AALejournalIMF021666
008 230101c9999 xx r poo 0 0eng d
020 |c 5.00 USD 
020 |z 9781513574332 
022 |a 1018-5941 
040 |a BD-DhAAL  |c BD-DhAAL 
245 1 0 |a Fiscal Policy Challenges for Latin America during the Next Stages of the Pandemic :   |b The Need for a Fiscal Pact. 
264 1 |a Washington, D.C. :  |b International Monetary Fund,  |c 2021. 
300 |a 1 online resource (40 pages) 
490 1 |a IMF Working Papers 
500 |a <strong>Off-Campus Access:</strong> No User ID or Password Required 
500 |a <strong>On-Campus Access:</strong> No User ID or Password Required 
506 |a Electronic access restricted to authorized BRAC University faculty, staff and students 
520 3 |a The fiscal policy response to the COVID-19 shock in most LAC countries was much larger than during the GFC, suggesting fiscal space was not as tight as expected. We argue that it is feasible and desirable, though not without risks, to embark in a more gradual consolidation path than currently envisaged by several countries in the region. Avoiding an early withdrawal of support in 2021 and 2022 is important given that countries are still facing high rates of contagion and deaths, vaccination will take place very slowly, the economic recovery is partial, uncertain and not strong enough to help those most affected by the twin public health and economic crisis. At the center of this discussion is our conviction that fiscal space is not set in stone and it is endogenous to the medium-term targets and commitments undertaken by governments and congresses throughout the region. Also, revisions to fiscal responsibility frameworks should help anchor fiscal sustainability, as well as improve their effectiveness and flexibility. In this context, low-for-long interest rates and easy market access is generating a situation that, in spite of higher debt levels, interest cost on public debt will remain contained in the foreseeable future. Especially if, as argued in this paper, a more gradual fiscal consolidation path is accompanied with stronger commitments and institutional frameworks that ensure debt is put on a credible downward trajectory once the pandemic is under control. Catalyzing these changes, as well as initiating the debate to design other fiscal reforms to strengthen social protection and increase the progressivity of public finances, would require a broad social consensus and political cohesion around several crucial dimensions of public finances: a fiscal pact. On the other hand, if this agenda is neglected the continuation of low growth, social discontent, and political polarization could drive Latin America towards a very dangerous path of institutional and economic decay. 
538 |a Mode of access: Internet 
650 7 |a Debt Ratio  |2 imf 
650 7 |a Fiscal Policy  |2 imf 
650 7 |a Fiscal Space  |2 imf 
650 7 |a Lac Country  |2 imf 
650 7 |a Public Debt  |2 imf 
830 0 |a IMF Working Papers; Working Paper ;  |v No. 2021/077 
856 4 0 |z Full text available on IMF  |u http://elibrary.imf.org/view/journals/001/2021/077/001.2021.issue-077-en.xml  |z IMF e-Library